000 00832nam a2200301Ia 4500
003 OSt
005 20220912145245.0
006 a|||||r|||| 00| 0
007 ta
008 220909b |||||||| |||| 00| 0 eng d
020 _a9780763753450 (hbd)
024 _a83640
037 _b55, 02/01/2009, Aviva Books Company
037 _cTextual
040 _aCSL
_beng
_cCSL
041 _aeng
082 _aI, P9
100 _aMauseth James D
245 0 _aBotany: An introduction to plant biology
250 _a4
260 _aBoston
_bJones and Bartlett
_c2009
300 _axvi, 624p.
_ccm.
500 _aGlossary G1-G21p.; Index I1-I20p.
650 _a Plant biology
650 _aBotany
942 _hI, P9
_cTEXL
_2CC
999 _c27125
_d27125